Najmłodsi zwycięzcy wyścigu F1 - Statystyki

Ogólne statystyki
  • Ten quiz został rozwiązany 94 razy
  • Średni wynik to 7 z 10
Statystyki odpowiedzi
GP Wiek Narodowość Kierowca % Poprawnych
GP Hiszpanii 2016 18 lat, 228 dni Niderlandy Max Verstappen
97%
GP Kanady 2008 23 lata, 184 dni Polska Robert Kubica
97%
GP Belgii 2019 21 lat, 320 dni Monako Charles Leclerc
94%
GP Włoch 2008 21 lat, 74 dni Niemcy Sebastian Vettel
94%
GP Węgier 2003 22 lata, 26 dni Hiszpania Fernando Alonso
93%
GP Kanady 2007 22 lata, 154 dni Wielka Brytania Lewis Hamilton
90%
GP Malezji 2003 23 lata, 157 dni Finlandia Kimi Räikkönen
84%
GP USA (Sebring) 1959 22 lata, 104 dni Nowa Zelandia Bruce McLaren
31%
GP Francji 1968 23 lata, 188 dni Belgia Jacky Ickx
22%
Indianapolis 500 1952 22 lata, 80 dni USA Troy Ruttman
5%
Nie znaleziono quizów pasujących do podanych kryteriów
Rozkład punktacji
Procent ludzi z każdym wynikiem
Percentyl według liczby udzielonych odpowiedzi
Twoja historia wyników
Nie rozwiązałeś tego quizu